| 000 | 00663nam a2200229Ia 4500 | ||
|---|---|---|---|
| 999 |
_c39139 _d39139 |
||
| 003 | GCL | ||
| 005 | 20240530103415.0 | ||
| 008 | 140319s9999 xx 000 0 ara d | ||
| 040 |
_aGCL / _cGCL |
||
| 082 | 0 | 4 |
_a193 _bهـ ف |
| 100 | 1 | _aهاينى, هاينريش | |
| 245 | 1 | 0 |
_aفى تاريخ الدين والفلسفة / _cهايتى, هايزيش |
| 300 | _a200 ص | ||
| 650 | 0 | 4 | _aالفلسفة |
| 650 | 0 | 4 | _aالفلسفة العربية |
| 650 | 0 | 4 | _aالدين والفلسفة |
| 650 | 0 | 4 | _aالاصلاح الدينى |
| 650 | 0 | 4 | _aالفلسفة الالمانية |
| 650 | 0 | 4 | _aكانت |
| 700 | 1 | _aصلاح حاتم | |
| 942 |
_2ddc _cBK |
||